Statistics for Indian States by Population

Click here to take the quiz!

General Stats

  • This quiz has been taken 23 times
  • The average score is 25 of 35

Answer Stats

PopulationLetterState% Correct
199,812,341UUttar Pradesh
100%
104,099,452BBihar
89%
112,374,333MMaharashtra
89%
49,577,103AAndhra Pradesh
84%
60,439,692GGujarat
84%
61,095,297KKarnataka
84%
33,406,061KKerala
84%
41,974,219OOdisha
84%
72,147,030TTamil Nadu
84%
91,276,115WWest Bengal
84%
31,205,576AAssam
79%
12,267,032JJammu and Kashmir
79%
72,626,809MMadhya Pradesh
79%
68,548,437RRajasthan
79%
1,458,545GGoa
74%
32,988,134JJharkhand
74%
27,743,338PPunjab
74%
16,787,941DDelhi
68%
25,351,462HHaryana
68%
35,003,674TTelangana
68%
380,581AAndaman and Nicobar Islands
63%
25,545,198CChhattisgarh
63%
6,864,602HHimachal Pradesh
63%
1,978,502NNagaland
63%
1,247,953PPuducherry
63%
3,673,917TTripura
63%
10,086,292UUttarakhand
63%
1,383,727AArunachal Pradesh
58%
64,473LLakshadweep
58%
2,570,390MManipur
58%
2,966,889MMeghalaya
53%
610,577SSikkim
53%
1,055,450CChandigarh
47%
1,097,206MMizoram
47%
585,764DDaman and Diu
32%

Score Distribution

Percentile by Number Answered

Percent of People with Each Score

Your Score History

You have not taken this quiz